| 000 | 00852nam a22002417a 4500 | ||
|---|---|---|---|
| 005 | 20080801163537.0 | ||
| 008 | 080801t xxu||||| |||| 00| 0 eng d | ||
| 010 | _aENG-90660 | ||
| 020 |
_a9780195698367 _c250.00 |
||
| 035 | _aEN-74193 | ||
| 037 | _bDBAD / PUB | ||
| 040 |
_aDPL _bEN |
||
| 082 | _a270.954 | ||
| 100 | _a | ||
| 245 |
_aIslam in history and politics: _bperspectives form South Asia / _cedited by Asim Roy |
||
| 260 |
_aNew Delhi _bOxford University Press _c2008 |
||
| 300 |
_axi, 224p. _c23 cm (pbk) |
||
| 650 |
_aIslam _xHistory _zSouth Asia |
||
| 650 |
_aIslam and Politics _zSouth Asia |
||
| 700 | _aRoy, Asim | ||
| 942 |
_2ddc _cEN _h270.954 _mISL |
||
| 999 |
_c14715 _d14715 |
||